[Event "Pontevedra op 7th"]
[Site "Pontevedra"]
[Date "2019.08.08"]
[Round "1"]
[White "Meira Iglesias, Alejandro"]
[Black "Lorenzo Duran, Marcos"]
[Result "0-1"]
[WhiteElo "1709"]
[BlackElo "2146"]
[PlyCount "106"]
[EventDate "2019.08.08"]
[EventType "swiss"]
[EventRounds "9"]
[EventCountry "ESP"]
[SourceTitle "EXT 2020"]
[Source "ChessBase"]
[SourceDate "2019.10.17"]
[SourceVersion "1"]
[SourceVersionDate "2019.10.17"]
[SourceQuality "1"]

1. d4 d5 2. c4 c6 3. g3 Nf6 4. Bg2 Bf5 5. Nc3 e6 6. Nf3 Be7 7. 0-0 Nbd7 8. Qb3 Qb6 9. Bf4 dxc4 10. Qxb6 axb6 11. Nd2 b5 12. e4 Bg6 13. d5 e5 14. Bg5 0-0 15. dxc6 bxc6 16. a4 Bb4 17. axb5 Bxc3 18. bxc3 cxb5 19. f4 Bh5 20. Nf3 Rxa1 21. Rxa1 exf4 22. Nd4 fxg3 23. hxg3 Bg6 24. Ra7 Nc5 25. e5 Nfe4 26. Be7 Rb8 27. Nxb5 h6 28. Na3 Rb3 29. Nxc4 Rxc3 30. Nb6 Rxg3 31. Nd7 Nxd7 32. Rxd7 Bf5 33. Rd8+ Kh7 34. Kh2 Re3 35. Bxe4 Rxe4 36. Bd6 h5 37. Rb8 Re2+ 38. Kg3 g5 39. Be7 Re3+ 40. Kf2 Rxe5 41. Bxg5 Bg4 42. Bh4 Re2+ 43. Kg3 Kg6 44. Rg8+ Kf5 45. Rf8 Re3+ 46. Kg2 Kg6 47. Rg8+ Kh7 48. Rb8 Rd3 49. Rf8 Be6 50. Rb8 Kg6 51. Rh8 Bd5+ 52. Kh2 Rd2+ 53. Kg3 Rg2+ 0-1

[Event "Galego-ch Women and Seniors"]
[Site "Padron"]
[Date "2019.04.17"]
[Round "6.1"]
[White "Lorenzo Duran, Marcos"]
[Black "Leiros Vila, Avelino"]
[Result "1/2-1/2"]
[WhiteElo "2178"]
[BlackElo "2175"]
[PlyCount "34"]
[EventDate "2019.04.14"]
[EventType "swiss"]
[EventRounds "8"]
[EventCountry "ESP"]
[SourceTitle "EXT 2024"]
[Source "ChessBase"]
[SourceDate "2023.10.10"]
[SourceVersion "1"]
[SourceVersionDate "2023.10.10"]
[SourceQuality "1"]

1. d4 d5 2. c4 c6 3. Nf3 Nf6 4. Nc3 a6 5. cxd5 cxd5 6. Bf4 Nc6 7. e3 e6 8. Bd3 Bd6 9. Bxd6 Qxd6 10. 0-0 Bd7 11. a3 0-0 12. b4 Ne7 13. Ne5 Rac8 14. Qb3 Rc7 15. Rfc1 Rfc8 16. Ne2 Rxc1+ 17. Rxc1 Rxc1+ 1/2-1/2

[Event "Galego-ch Women and Seniors"]
[Site "Padron"]
[Date "2019.04.15"]
[Round "3.4"]
[White "Maquieira Vidal, Alvaro"]
[Black "Lorenzo Duran, Marcos"]
[Result "0-1"]
[WhiteElo "1933"]
[BlackElo "2178"]
[PlyCount "42"]
[EventDate "2019.04.14"]
[EventType "swiss"]
[EventRounds "8"]
[EventCountry "ESP"]
[SourceTitle "EXT 2024"]
[Source "ChessBase"]
[SourceDate "2023.10.10"]
[SourceVersion "1"]
[SourceVersionDate "2023.10.10"]
[SourceQuality "1"]

1. e4 e5 2. Bc4 Nf6 3. d3 c6 4. Nf3 Be7 5. 0-0 d6 6. h3 0-0 7. a4 a5 8. Nc3 Nbd7 9. Re1 Nc5 10. Be3 Qc7 11. Bg5 h6 12. Bxf6 Bxf6 13. Ne2 Be6 14. Bxe6 fxe6 15. Ng3 Qf7 16. Re2 Bd8 17. Nf1 Qg6 18. Kh1 Nd7 19. Rd2 Nf6 20. g3 Bb6 21. Ne3 Bxe3 0-1

[Event "Ourense Campus 4th"]
[Site "Ourense"]
[Date "2017.07.02"]
[Round "3.10"]
[White "Lorenzo Duran, Marcos"]
[Black "Safranska, Anda"]
[Result "0-1"]
[WhiteElo "2173"]
[BlackElo "2202"]
[PlyCount "80"]
[EventDate "2017.07.01"]
[EventType "swiss"]
[EventRounds "9"]
[EventCountry "ESP"]
[SourceTitle "EXT 2024"]
[Source "ChessBase"]
[SourceDate "2023.10.10"]
[SourceVersion "1"]
[SourceVersionDate "2023.10.10"]
[SourceQuality "1"]

1. d4 d6 2. Nf3 g6 3. c4 Bg7 4. e4 e5 5. Nc3 Nc6 6. Bg5 f6 7. Be3 Nh6 8. dxe5 dxe5 9. Qxd8+ Kxd8 10. 0-0-0+ Bd7 11. h3 Kc8 12. c5 Be6 13. Nd2 Nf7 14. Bc4 Re8 15. h4 Nfd8 16. h5 g5 17. Nd5 h6 18. Nf1 Na5 19. Be2 f5 20. exf5 Bxf5 21. Ng3 Be6 22. Ne4 Nac6 23. Bc4 Bf5 24. Ndc3 Nd4 25. f3 N8e6 26. Rhe1 Rd8 27. b4 a6 28. Kb2 Nf4 29. Rd2 Nc6 30. Rxd8+ Kxd8 31. Ng3 Bd7 32. Rd1 Ke8 33. Kb3 Nxg2 34. Bf2 Nf4 35. Nd5 Rc8 36. Ne4 Nxd5 37. Bxd5 Ke7 38. Kc4 Rf8 39. Rd3 Nd8 40. Nd2 Bb5+ 0-1

[Event "Sanxenxo Carlos op 9th"]
[Site "Sanxenxo"]
[Date "2017.06.23"]
[Round "7"]
[White "Lorenzo Duran, Marcos"]
[Black "Konguvel, Ponnuswamy"]
[Result "1/2-1/2"]
[WhiteElo "2173"]
[BlackElo "2391"]
[PlyCount "107"]
[EventDate "2017.06.17"]
[EventType "swiss"]
[EventRounds "9"]
[EventCountry "ESP"]
[SourceTitle "CBM 179 Extra"]
[Source "ChessBase"]
[SourceDate "2017.08.23"]
[SourceVersion "1"]
[SourceVersionDate "2017.08.23"]
[SourceQuality "1"]

1. Nf3 g6 2. c4 Bg7 3. Nc3 c5 4. d4 cxd4 5. Nxd4 Nc6 6. Nc2 d6 7. e4 Nf6 8. Be2 Nd7 9. Bd2 0-0 10. 0-0 Nc5 11. b4 Ne6 12. Rc1 a5 13. a3 axb4 14. axb4 Ned4 15. Nxd4 Nxd4 16. Be3 Nxe2+ 17. Qxe2 Be6 18. Nd5 Bxd5 19. exd5 Ra4 20. Qd2 b6 21. h3 Qc7 22. Rc2 Rfa8 23. g3 h5 24. h4 Bf6 25. Kh2 Qb7 26. Rb1 Rc8 27. Ra2 Bc3 28. Qc2 Rxb4 29. Rxb4 Bxb4 30. Rb2 Bc5 31. Bxc5 Rxc5 32. Rb4 Qxd5 33. Qxg6+ fxg6 34. cxd5 Rxd5 35. Rxb6 Kf7 36. Kg2 Rd3 37. Rb2 e5 38. Kf1 Ke6 39. Ke2 e4 40. Rb8 Rf3 41. Rg8 Rf6 42. Ke3 Kf5 43. Kd4 Re6 44. Rf8+ Kg4 45. Kd5 Re5+ 46. Kxd6 Rf5 47. Rxf5 gxf5 48. Ke5 Kf3 49. Kxf5 Kxf2 50. Kxe4 Kxg3 51. Kf5 Kxh4 52. Kf4 Kh3 53. Kf3 h4 54. Kf2 1/2-1/2

[Event "Pontevedra Toxa op"]
[Site "Pontevedra"]
[Date "2016.09.25"]
[Round "2"]
[White "Lorenzo Duran, Marcos"]
[Black "Lesteiro Lores, Manuel Raul"]
[Result "1-0"]
[WhiteElo "2134"]
[BlackElo "1833"]
[PlyCount "81"]
[EventDate "2016.09.24"]
[EventType "swiss"]
[EventRounds "9"]
[EventCountry "ESP"]
[SourceTitle "CBM 174 Extra"]
[Source "ChessBase"]
[SourceDate "2016.10.10"]
[SourceVersion "1"]
[SourceVersionDate "2016.10.10"]
[SourceQuality "1"]

1. d4 Nf6 2. c4 c6 3. Nc3 d5 4. Nf3 Bf5 5. cxd5 Nxd5 6. Qb3 Qb6 7. Qxb6 axb6 8. Nxd5 cxd5 9. e3 Nc6 10. Bb5 f6 11. Bd2 e6 12. 0-0 g5 13. Rfc1 Kd7 14. Ne1 Bd6 15. Nd3 Bxd3 16. Bxd3 h6 17. Rc3 Rhc8 18. Rb3 Bc7 19. a3 Na7 20. e4 dxe4 21. Bxe4 Nc6 22. d5 Nd8 23. Re1 Rab8 24. dxe6+ Nxe6 25. Bf5 Be5 26. g3 Rc6 27. f4 Bd4+ 28. Kf1 Re8 29. Bb4 Kc7 30. Be4 Nc5 31. Bxc5 Bxc5 32. Bxc6 Rxe1+ 33. Kxe1 bxc6 34. Rd3 Bg1 35. Kf1 Bc5 36. Ke2 Bd6 37. Kf3 h5 38. Ke4 Kd7 39. Kf5 gxf4 40. gxf4 Ke7 41. Rxd6 1-0

[Event "Pontevedra Toxa op"]
[Site "Pontevedra"]
[Date "2016.09.24"]
[Round "1"]
[White "Martinez Duany, Lelys Stanley"]
[Black "Lorenzo Duran, Marcos"]
[Result "1/2-1/2"]
[WhiteElo "2526"]
[BlackElo "2134"]
[PlyCount "134"]
[EventDate "2016.09.24"]
[EventType "swiss"]
[EventRounds "9"]
[EventCountry "ESP"]
[SourceTitle "CBM 174 Extra"]
[Source "ChessBase"]
[SourceDate "2016.10.10"]
[SourceVersion "1"]
[SourceVersionDate "2016.10.10"]
[SourceQuality "1"]

1. Nf3 Nf6 2. c4 c5 3. g3 d5 4. cxd5 Nxd5 5. Bg2 Nc6 6. 0-0 e5 7. d3 Be7 8. Nc3 Nc7 9. Be3 0-0 10. Qa4 Bd7 11. Rfc1 Re8 12. Qd1 Bf8 13. Nd2 b6 14. a3 Rc8 15. Na2 Nd4 16. b4 Bg4 17. Bxd4 exd4 18. Bf3 Bxf3 19. Nxf3 Nd5 20. bxc5 Bxc5 21. a4 Rc6 22. Rc4 Qf6 23. Rac1 Rce6 24. R1c2 g5 25. Qf1 g4 26. Nd2 Rxe2 27. Ne4 R2xe4 28. dxe4 Rxe4 29. Re2 Qe6 30. Rxe4 Qxe4 31. h3 h5 32. hxg4 hxg4 33. Qc1 Qf5 34. Qd1 Qe6 35. Rc2 Qf5 36. Nc1 Nb4 37. Rd2 d3 38. Qe1 Qf3 39. Qe8+ Kh7 40. Qe5 Kg6 41. Nb3 Nc6 42. Qf4 Qxf4 43. gxf4 Nb4 44. Nc1 Kf5 45. Nxd3 Nxd3 46. Rxd3 Kxf4 47. Kg2 f5 48. Rd8 a6 49. Ra8 a5 50. Re8 Bd4 51. Rf8 Ke4 52. Kf1 f4 53. Ke2 f3+ 54. Ke1 Bc5 55. Re8+ Kf4 56. Rg8 Bb4+ 57. Kf1 Bc5 58. Rg7 Bd4 59. Rf7+ Ke4 60. Rd7 Bc5 61. Ke1 Kf4 62. Kf1 Kf5 63. Rg7 Kf4 64. Kg1 Bd4 65. Rf7+ Ke4 66. Kf1 Bc5 67. Rd7 Kf4 1/2-1/2

[Event "Ferrol op 31th"]
[Site "Ferrol"]
[Date "2016.07.27"]
[Round "9"]
[White "Lorenzo Duran, Marcos"]
[Black "Fernandez Romero, Ernesto"]
[Result "0-1"]
[WhiteElo "2123"]
[BlackElo "2477"]
[PlyCount "48"]
[EventDate "2016.07.18"]
[EventType "swiss"]
[EventRounds "9"]
[EventCountry "ESP"]
[SourceTitle "EXT 2024"]
[Source "ChessBase"]
[SourceDate "2023.10.10"]
[SourceVersion "1"]
[SourceVersionDate "2023.10.10"]
[SourceQuality "1"]

1. d4 Nf6 2. c4 e6 3. Nc3 Bb4 4. e3 0-0 5. Nge2 c6 6. Qc2 d5 7. Nf4 Nbd7 8. cxd5 exd5 9. Bd3 Re8 10. 0-0 Nf8 11. f3 Ng6 12. Nfe2 Bd6 13. Kh1 c5 14. Nb5 c4 15. Bxg6 hxg6 16. Nxd6 Qxd6 17. e4 dxe4 18. fxe4 Nxe4 19. Bf4 Qc6 20. d5 Qxd5 21. Rad1 Qc5 22. Rd4 Nf2+ 23. Kg1 Bf5 24. Qxc4 Qxc4 0-1

[Event "Ferrol op 31th"]
[Site "Ferrol"]
[Date "2016.07.26"]
[Round "8"]
[White "Sanchez Aller, Fernando"]
[Black "Lorenzo Duran, Marcos"]
[Result "0-1"]
[WhiteElo "2281"]
[BlackElo "2123"]
[PlyCount "76"]
[EventDate "2016.07.18"]
[EventType "swiss"]
[EventRounds "9"]
[EventCountry "ESP"]
[SourceTitle "EXT 2024"]
[Source "ChessBase"]
[SourceDate "2023.10.10"]
[SourceVersion "1"]
[SourceVersionDate "2023.10.10"]
[SourceQuality "1"]

1. e4 e5 2. Nf3 Nc6 3. Bb5 a6 4. Ba4 Nf6 5. 0-0 Be7 6. Re1 b5 7. Bb3 d6 8. c3 0-0 9. d4 Bg4 10. Be3 exd4 11. cxd4 d5 12. e5 Ne4 13. Nc3 Nxc3 14. bxc3 Na5 15. Bc2 Nc4 16. Qd3 g6 17. Bh6 Re8 18. h3 Bf5 19. Qe2 Qd7 20. Nh2 a5 21. Ng4 b4 22. Bxf5 Qxf5 23. Bc1 Kh8 24. f4 Kg7 25. Qf3 bxc3 26. Qxd5 Qe6 27. Qf3 Rad8 28. Qf2 c5 29. Nh6 cxd4 30. f5 gxf5 31. Nxf5+ Kh8 32. h4 d3 33. Bh6 Rg8 34. Rf1 d2 35. Nxe7 Qxe7 36. Qf4 c2 37. e6 Qxe6 38. Bg5 Rxg5 0-1

[Event "Ferrol op 31th"]
[Site "Ferrol"]
[Date "2016.07.19"]
[Round "2"]
[White "Starostits, Ilmars"]
[Black "Lorenzo Duran, Marcos"]
[Result "1/2-1/2"]
[WhiteElo "2443"]
[BlackElo "2123"]
[PlyCount "105"]
[EventDate "2016.07.18"]
[EventType "swiss"]
[EventRounds "9"]
[EventCountry "ESP"]
[SourceTitle "EXT 2024"]
[Source "ChessBase"]
[SourceDate "2023.10.10"]
[SourceVersion "1"]
[SourceVersionDate "2023.10.10"]
[SourceQuality "1"]

1. e4 e5 2. Nf3 Nc6 3. Bc4 Nf6 4. Ng5 d5 5. exd5 Na5 6. Bb5+ c6 7. dxc6 bxc6 8. Be2 h6 9. Nh3 Bc5 10. d3 0-0 11. c3 Bb6 12. 0-0 Nb7 13. Nd2 Nd6 14. Nc4 Nxc4 15. dxc4 Qxd1 16. Rxd1 Bxh3 17. gxh3 Rad8 18. Be3 Bxe3 19. fxe3 c5 20. Kf2 Rb8 21. b3 a5 22. Bf3 a4 23. Rab1 e4 24. Be2 axb3 25. axb3 Rfd8 26. Kg3 Rxd1 27. Bxd1 g5 28. h4 Ne8 29. hxg5 hxg5 30. Kg4 Nd6 31. Bc2 Kf8 32. Kxg5 Ke7 33. Kf4 Rh8 34. b4 Rh4+ 35. Kg5 Rxh2 36. Bd1 Nxc4 37. bxc5 Nxe3 38. Rb7+ Kd8 39. Bb3 Rf2 40. Bxf7 Rf5+ 41. Kg6 Rxc5 42. Be6 Rc7 43. Rb4 Rxc3 44. Kf6 Kc7 45. Rxe4 Kd6 46. Rd4+ Kc5 47. Rd1 Nc4 48. Ke7 Ne3 49. Rd2 Nc2 50. Rd5+ Kc6 51. Re5 Nd4 52. Re4 Nxe6 53. Kxe6 1/2-1/2

[Event "Ourense Campus 2nd"]
[Site "Ourense"]
[Date "2015.07.08"]
[Round "4.7"]
[White "Lorenzo Duran, Marcos"]
[Black "Hoffman, Alejandro"]
[Result "0-1"]
[WhiteElo "2170"]
[BlackElo "2456"]
[PlyCount "102"]
[EventDate "2015.07.06"]
[EventType "swiss"]
[EventRounds "9"]
[EventCountry "ESP"]
[SourceTitle "EXT 2024"]
[Source "ChessBase"]
[SourceDate "2023.10.10"]
[SourceVersion "1"]
[SourceVersionDate "2023.10.10"]
[SourceQuality "1"]

1. d4 Nf6 2. c4 g6 3. Nc3 Bg7 4. e4 d6 5. Nf3 0-0 6. Be2 c5 7. 0-0 Nc6 8. d5 Na5 9. Bg5 h6 10. Bd2 e5 11. a3 b6 12. b4 Nb7 13. Ne1 Nd7 14. Qc1 Kh7 15. Bd3 Qe7 16. g3 Nf6 17. Ng2 Bh3 18. Qc2 Kg8 19. Rae1 Nd7 20. Qc1 h5 21. Bg5 f6 22. Bh6 cxb4 23. axb4 a5 24. Bxg7 Kxg7 25. bxa5 Nxa5 26. Nb5 Rfc8 27. Qc3 Nc5 28. Bc2 Ncb7 29. Bd3 h4 30. Rb1 Nc5 31. Bc2 Rh8 32. f4 hxg3 33. hxg3 Rh6 34. fxe5 fxe5 35. Rf2 Bxg2 36. Kxg2 Rah8 37. Rbf1 Rh2+ 38. Kf3 Qg5 39. Ke2 Qg4+ 40. Qf3 Qxf3+ 41. Kxf3 Nxc4 42. Ke2 Rxf2+ 43. Rxf2 Ra8 44. Kf3 Ra5 45. Nc7 Ra3+ 46. Kg4 Ne3+ 47. Kg5 Nxc2 48. Ne8+ Kg8 49. Nf6+ Kf7 50. g4 Nd4 51. Nh5+ Nf3+ 0-1

[Event "Ourense op"]
[Site "Ourense"]
[Date "2014.07.10"]
[Round "5"]
[White "Ferreira, Jorge Viterbo"]
[Black "Lorenzo Duran, Marcos"]
[Result "1/2-1/2"]
[WhiteElo "1902"]
[BlackElo "2149"]
[PlyCount "88"]
[EventDate "2014.07.07"]
[EventType "swiss"]
[EventRounds "9"]
[EventCountry "ESP"]
[SourceTitle "EXT 2016"]
[Source "ChessBase"]
[SourceDate "2015.10.08"]
[SourceVersion "1"]
[SourceVersionDate "2015.10.08"]
[SourceQuality "1"]

1. d4 d5 2. Bf4 Nf6 3. e3 c5 4. Nc3 Bg4 5. f3 Bd7 6. dxc5 Qa5 7. Qd2 Qxc5 8. 0-0-0 e6 9. e4 Bc6 10. Nge2 Be7 11. e5 Nfd7 12. Nd4 Qa5 13. h4 Na6 14. Kb1 Nac5 15. g4 Na4 16. Nxa4 Qxd2 17. Rxd2 Bxa4 18. g5 Rc8 19. h5 Nb8 20. Be3 Nc6 21. f4 Nxd4 22. Bxd4 Bc5 23. c3 h6 24. Bd3 Bxd4 25. cxd4 Ke7 26. Rg2 hxg5 27. Rxg5 g6 28. b3 Bd7 29. Kb2 Rh6 30. Be2 Rch8 31. Bf3 gxh5 32. Rhxh5 Rxh5 33. Bxh5 Kf8 34. Kc3 Be8 35. Be2 Rh2 36. Bd3 Rxa2 37. f5 exf5 38. Rxf5 Bd7 39. Rh5 Rg2 40. Rh8+ Rg8 41. Rh1 Rg3 42. Kd2 Rg2+ 43. Kc3 Rg3 44. Kd2 Rg2+ 1/2-1/2